| 000 | 00786 a2200217 4500 | ||
|---|---|---|---|
| 001 | 55367 | ||
| 005 | 20260407155827.0 | ||
| 008 | 260407a1992 arg spa d | ||
| 003 | AR-UNSa-BCEJYS | ||
| 040 |
_aAR-UNSa-BCEJYS _bspa _cAR-UNSa-BCEJYS |
||
| 080 |
_a34:004 _xDerecho informatico (firma digital, etc.) |
||
| 245 | 1 | 0 |
_a¿Qué es la informática jurídica? _pDel abaco al derecho informático |
| 020 | _a950-20-0655-0 | ||
| 264 | 1 |
_aBuenos Aires : _bAbeledo Perrot _c1992 |
|
| 300 |
_a197 p. _c23 cm. |
||
| 505 | _a1. Ideas preliminares - 2. La computadora y el ordenador - 3. El hardware - 4. El software - 5. Infomática jurídica - 6. El derecho informático | ||
| 041 | _aspa | ||
| 942 | _cBK | ||
| 590 | _aniveau_biblio:m niveau_hierar:0 | ||
| 100 | 1 | _aFalcón, Enrique M. | |
| 999 |
_c5929 _d5929 |
||